000 00584nam a2200217Ia 4500
005 20250508164539.0
008 008 250505s9999 xx 000 0 eng d
037 _aTextBook
040 _aFEDL
_beng
_cFEDL
041 _aeng
_2eng
084 _a370.15, WOO/R
_qFEDL
100 _aWoolfolk Anita E
_9775715
245 0 _aEducational psychology
250 _a4
260 _aEnglewood Chiffs, USA
_bPrentice Hall
_c1990
300 _axv,622p.
546 _aMACESE
650 _aEducational psychology
942 _cTB
_h370.15, WOO/R
999 _c1389718
_d1389718